[Event "2.Open B Città di Padova Elo <1900"]
[Site "Padova Caffè Pedrocchi"]
[Date "1999.12.18"]
[Round "4.41"]
[White "Bonetto, Giorgio"]
[Black "Catti, Patrick"]
[Result "1-0"]
[WhiteElo "1567"]
[BlackElo "1491"]
[Annotator "Gabriele Ballarin"]
[PlyCount "105"]
[EventDate "1999.12.11"]
[EventType "swiss"]
[EventRounds "6"]
[EventCountry "ITA"]
[SourceTitle "Ballarin Gabriele"]
[Source "Ballarin Gabrie"]
[SourceDate "2001.01.01"]
[SourceVersion "1"]
[SourceVersionDate "2001.01.01"]
[SourceQuality "1"]

1. e4 e5 2. f4 d6 3. Nc3 c6 4. Nf3 exf4 5. d4 g5 6. Bc4 Bg4 7. O-O Nd7 8. Re1 Nb6 9. Bb3 Bg7 10. Qd3 Nh6 11. e5 d5 12. h4 Bf5 13. Qe2 g4 14. Ng5 f3 15. gxf3 O-O 16. Bf4 Re8 17. fxg4 Nxg4 18. Qg2 Qd7 19. Ne2 Nc4 20. Ng3 Re7 21. Nxf5 Qxf5 22. Rf1 Rf8 23. Bh2 Nce3 24. Rxf5 Nxg2 25. Bg3 N2e3 26. Rf3 f6 27. exf6 Nxf6 28. Bd6 Nfg4 29. Rxf8+ Kxf8 30. Bxe7+ Kxe7 31. c3 h6 32. Nf3 Kf6 33. Re1 Kf5 34. Bd1 Kf4 35. Nh2 h5 36. Nxg4 Nxg4 37. Rf1+ Kg3 38. Bxg4 Kxg4 39. Rf7 Bh6 40. Rxb7 Kxh4 41. Rxa7 Kg3 42. Rh7 Be3+ 43. Kh1 h4 44. a4 Bc1 45. a5 Bxb2 46. a6 Bxc3 47. a7 Bxd4 48. a8=Q c5 49. Qxd5 Kf4 50. Rxh4+ Ke3 51. Rh3+ Kd2 52. Qa2+ Kd1 53. Rh2 1-0

[Event "2.Open B Città di Padova Elo <1900"]
[Site "Padova Caffè Pedrocchi"]
[Date "1999.12.19"]
[Round "5.1"]
[White "Avenali, Giuseppe"]
[Black "Carini, Massimo"]
[Result "1-0"]
[WhiteElo "1855"]
[BlackElo "1890"]
[Annotator "Gabriele Ballarin"]
[PlyCount "123"]
[EventDate "1999.12.11"]
[EventType "swiss"]
[EventRounds "6"]
[EventCountry "ITA"]
[SourceTitle "Ballarin Gabriele"]
[Source "Ballarin Gabrie"]
[SourceDate "2001.01.01"]
[SourceVersion "1"]
[SourceVersionDate "2001.01.01"]
[SourceQuality "1"]

1. e4 d5 2. exd5 Qxd5 3. Nc3 Qa5 4. d4 Nf6 5. f4 Bg4 6. Be2 Bxe2 7. Qxe2 Nc6 8. Nf3 Nd5 9. Bd2 Nxc3 10. bxc3 a6 11. O-O Qh5 12. Rab1 O-O-O 13. Rb2 Rd6 14. Rfb1 Nd8 15. Qe4 Qd5 16. Qe2 Re6 17. Qd3 h6 18. c4 Qe4 19. Qc3 g5 20. d5 Rg6 21. Rxb7 Bg7 22. Rb8+ Kd7 23. Ne5+ Bxe5 24. fxe5 e6 25. Be3 exd5 26. cxd5 Re8 27. d6 Rxd6 28. exd6 Qxe3+ 29. Qxe3 Rxe3 30. dxc7 Kxc7 31. R8b6 Ra3 32. R6b2 f5 33. Ra1 Rc3 34. a4 Ne6 35. a5 h5 36. Rb6 Nf4 37. Ra2 Re3 38. Kf1 Nd5 39. Rb3 Re4 40. Ra1 f4 41. Kf2 g4 42. c3 Re3 43. Rd1 g3+ 44. Kg1 Re2 45. Rdb1 Ne3 46. R3b2 gxh2+ 47. Kh1 Rxb2 48. Rxb2 Nc4 49. Rb4 Nxa5 50. Rxf4 Nc6 51. Kxh2 a5 52. Kh3 Kb6 53. Kh4 Kb5 54. Kxh5 a4 55. g4 a3 56. g5 a2 57. Rf1 Kc4 58. Ra1 Kb3 59. g6 Kb2 60. Rxa2+ Kxa2 61. g7 Ne7 62. c4 1-0

[Event "2.Open B Città di Padova Elo <1900"]
[Site "Padova Caffè Pedrocchi"]
[Date "1999.12.19"]
[Round "5.2"]
[White "Viaggi, Stefano"]
[Black "Battagin_214, Mosè"]
[Result "1-0"]
[WhiteElo "1716"]
[BlackElo "1840"]
[Annotator "Gabriele Ballarin"]
[PlyCount "71"]
[EventDate "1999.12.11"]
[EventType "swiss"]
[EventRounds "6"]
[EventCountry "ITA"]
[SourceTitle "Ballarin Gabriele"]
[Source "Ballarin Gabrie"]
[SourceDate "2001.01.01"]
[SourceVersion "1"]
[SourceVersionDate "2001.01.01"]
[SourceQuality "1"]

1. d4 f5 2. Bg5 g6 3. Nd2 Nf6 4. Bxf6 exf6 5. e3 d5 6. Bd3 Be6 7. Ne2 Nc6 8. c3 Bd6 9. Qc2 Qd7 10. O-O Kf8 11. Rae1 Kg7 12. a3 Ne7 13. Nf4 Bf7 14. c4 c6 15. c5 Bc7 16. b4 Rac8 17. Rb1 h5 18. b5 Bxf4 19. exf4 Qc7 20. g3 h4 21. Nf3 hxg3 22. fxg3 cxb5 23. Bxb5 Nc6 24. Qb2 Rb8 25. Rfe1 Rhe8 26. Qd2 Re4 27. Bd3 Ree8 28. Qb2 Rxe1+ 29. Rxe1 Na5 30. Qb4 Nc4 31. Bxc4 dxc4 32. Qc3 Bd5 33. Kf2 Rh8 34. h4 Kf7 35. Qe3 Be4 36. Nd2 1-0

[Event "2.Open B Città di Padova Elo <1900"]
[Site "Padova Caffè Pedrocchi"]
[Date "1999.12.19"]
[Round "5.3"]
[White "Capata, Ion"]
[Black "Castellano, Alfonso"]
[Result "1-0"]
[WhiteElo "1666"]
[BlackElo "1716"]
[Annotator "Gabriele Ballarin"]
[PlyCount "90"]
[EventDate "1999.12.11"]
[EventType "swiss"]
[EventRounds "6"]
[EventCountry "ITA"]
[SourceTitle "Ballarin Gabriele"]
[Source "Ballarin Gabrie"]
[SourceDate "2001.01.01"]
[SourceVersion "1"]
[SourceVersionDate "2001.01.01"]
[SourceQuality "1"]

{[%evp 0,90,18,27,43,60,80,90,76,47,78,50,52,33,27,29,31,33,41,51,39,6,8,16,15,14,16,9,2,-37,-39,-36,26,17,5,24,46,84,76,86,91,94,171,175,175,69,136,138,208,201,252,251,296,255,388,278,300,-314,-328,-298,-317,-310,-310,-306,-328,-322,-220,-218,-224,-271,-284,-255,-228,-234,-233,-228,-222,-210,-239,-255,-228,-264,-187,-158,-143,-108,-98,-86,148,163,191,83,153]} 1. e4 c5 2. Nf3 d6 3. Bc4 Nf6 4. d3 Bg4 5. Bg5 Nbd7 6. Nbd2 e6 7. O-O Be7 8. h3 Bh5 9. g4 Bg6 10. Bb5 O-O 11. Bxd7 Nxd7 12. Bxe7 Qxe7 13. Re1 h5 14. Nh2 Qh4 15. Kg2 Ne5 16. f4 hxg4 17. fxe5 Qxh3+ 18. Kg1 Bh5 19. Qe2 g3 20. Nhf3 f5 21. Ng5 Qh4 22. Ngf3 Qg4 23. exd6 Rae8 24. e5 Kf7 25. Kg2 Rh8 26. Rh1 Qa4 27. b3 Qf4 28. Nf1 Bxf3+ 29. Qxf3 Qxf3+ 30. Kxf3 Rxh1 31. Kxg3 Reh8 32. Kg2 R8h2+ 33. Nxh2 Rxa1 34. Nf3 Ke8 35. Ng5 Kd7 36. Nh7 Rxa2 37. Nf8+ Ke8 38. Nxe6 Rxc2+ 39. Kf3 g6 40. Kf4 Rg2 41. Nxc5 Rg4+ 42. Ke3 b6 43. Na6 Kf7 44. Nc7 Rg3+ 45. Kd2 Rg2+ {Nur} 1-0

[Event "2.Open B Città di Padova Elo <1900"]
[Site "Padova Caffè Pedrocchi"]
[Date "1999.12.19"]
[Round "5.6"]
[White "Maccapan, Fabio"]
[Black "Guclu, Yaman"]
[Result "0-1"]
[WhiteElo "1834"]
[BlackElo "1687"]
[Annotator "Gabriele Ballarin"]
[PlyCount "46"]
[EventDate "1999.12.11"]
[EventType "swiss"]
[EventRounds "6"]
[EventCountry "ITA"]
[SourceTitle "Ballarin Gabriele"]
[Source "Ballarin Gabrie"]
[SourceDate "2001.01.01"]
[SourceVersion "1"]
[SourceVersionDate "2001.01.01"]
[SourceQuality "1"]

1. Nf3 Nf6 2. g3 g6 3. Bg2 Bg7 4. O-O O-O 5. c4 d6 6. Nc3 c6 7. d4 Nbd7 8. e4 e5 9. h3 Qe7 10. b3 Ne8 11. Re1 h6 12. Ba3 exd4 13. Nxd4 Qe5 14. Nde2 Qa5 15. Bb2 Ndf6 16. Qc2 Bd7 17. Rad1 Rd8 18. a3 Qc7 19. Bc1 Bc8 20. Be3 Kh7 21. c5 Nd7 22. cxd6 Nxd6 23. Bc5 Nxc5 0-1

[Event "2.Open B Città di Padova Elo <1900"]
[Site "Padova Caffè Pedrocchi"]
[Date "1999.12.19"]
[Round "5.7"]
[White "Marigo, Narciso"]
[Black "Popovic, Dragan"]
[Result "0-1"]
[WhiteElo "1735"]
[BlackElo "1665"]
[Annotator "Gabriele Ballarin"]
[PlyCount "129"]
[EventDate "1999.12.11"]
[EventType "swiss"]
[EventRounds "6"]
[EventCountry "ITA"]
[SourceTitle "Ballarin Gabriele"]
[Source "Ballarin Gabrie"]
[SourceDate "2001.01.01"]
[SourceVersion "1"]
[SourceVersionDate "2001.01.01"]
[SourceQuality "1"]

1. d4 d5 2. Nf3 Bg4 3. Ne5 Bf5 4. Bf4 e6 5. e3 Nf6 6. c3 Nbd7 7. Qb3 Qc8 8. Nd2 c5 9. Ndf3 c4 10. Qa4 a6 11. Be2 b5 12. Qd1 a5 13. O-O h6 14. Nxd7 Nxd7 15. Ne5 g5 16. Bg3 Nf6 17. Ng4 Ng8 18. Be5 Rh7 19. Nf6+ Nxf6 20. Bxf6 Bd6 21. Be5 Qc7 22. Bxd6 Qxd6 23. Bf3 Bg6 24. Re1 f5 25. Bh5 Kf7 26. Bxg6+ Kxg6 27. f3 h5 28. e4 dxe4 29. fxe4 f4 30. Qc2 Kh6 31. Rad1 Rg8 32. e5 Qc6 33. Qe4 Rf7 34. Rf1 g4 35. Kh1 f3 36. g3 Qb7 37. Qxb7 Rxb7 38. Kg1 b4 39. Rd2 Kg5 40. Kf2 h4 41. Rh1 Rh8 42. d5 bxc3 43. bxc3 exd5 44. gxh4+ Rxh4 45. e6 Rb6 46. e7 Rh8 47. Kg3 Re8 48. Re1 Kf6 49. Kxg4 Rxe7 50. Rxe7 Kxe7 51. Kxf3 a4 52. h4 a3 53. Ke3 Kd6 54. h5 Ke5 55. h6 Kf6 56. Rg2 Rb1 57. Kd4 Rd1+ 58. Kc5 d4 59. h7 Rh1 60. Kxd4 Rh4+ 61. Ke3 Rh3+ 62. Kd4 Rh4+ 63. Kc5 Rxh7 64. Kxc4 Rc7+ 65. Kb3 0-1

[Event "2.Open B Città di Padova Elo <1900"]
[Site "Padova Caffè Pedrocchi"]
[Date "1999.12.19"]
[Round "5.8"]
[White "Rotoni, Matteo"]
[Black "Zanirato, Stefano"]
[Result "0-1"]
[WhiteElo "1732"]
[BlackElo "1722"]
[Annotator "Gabriele Ballarin"]
[PlyCount "56"]
[EventDate "1999.12.11"]
[EventType "swiss"]
[EventRounds "6"]
[EventCountry "ITA"]
[SourceTitle "Ballarin Gabriele"]
[Source "Ballarin Gabrie"]
[SourceDate "2001.01.01"]
[SourceVersion "1"]
[SourceVersionDate "2001.01.01"]
[SourceQuality "1"]

1. e4 c5 2. d4 e6 3. Nf3 cxd4 4. c3 dxc3 5. Nxc3 Bb4 6. Qd4 Nc6 7. Qxg7 Qf6 8. Bh6 Qxh6 9. Qxh8 Kf8 10. Bb5 Be7 11. e5 Nb4 12. O-O a6 13. a3 Nc2 14. Rac1 axb5 15. Rxc2 Qg6 16. Rfc1 b6 17. Nd5 Bb7 18. Nxe7 Kxe7 19. Rc3 Bc6 20. Ne1 b4 21. axb4 b5 22. Rg3 Qh6 23. Rd1 Qh5 24. f3 Qh6 25. Rxg8 Rxg8 26. Qxg8 Qe3+ 27. Kh1 Qe2 28. Qg5+ Ke8 0-1

[Event "2.Open B Città di Padova Elo <1900"]
[Site "Padova Caffè Pedrocchi"]
[Date "1999.12.19"]
[Round "5.10"]
[White "Cecchetto, Vanni"]
[Black "Gennari, Leone"]
[Result "1-0"]
[WhiteElo "1594"]
[BlackElo "1777"]
[Annotator "Gabriele Ballarin"]
[PlyCount "84"]
[EventDate "1999.12.11"]
[EventType "swiss"]
[EventRounds "6"]
[EventCountry "ITA"]
[SourceTitle "Ballarin Gabriele"]
[Source "Ballarin Gabrie"]
[SourceDate "2001.01.01"]
[SourceVersion "1"]
[SourceVersionDate "2001.01.01"]
[SourceQuality "1"]

1. b3 d5 2. Bb2 c5 3. e4 d4 4. Nf3 Nc6 5. Bb5 Bd7 6. O-O a6 7. Bxc6 Bxc6 8. Re1 Nf6 9. e5 Nd5 10. e6 fxe6 11. c3 d3 12. c4 Nb4 13. Ne5 h5 14. Na3 Rh7 15. Nxc6 Nxc6 16. Qf3 Qd6 17. Re3 O-O-O 18. Rae1 Rh6 19. Qh3 Nd4 20. Bxd4 Qxd4 21. Rxe6 Rxe6 22. Qxe6+ Kb8 23. Qe5+ Qxe5 24. Rxe5 g6 25. Nb1 b6 26. Re6 Rd6 27. Rxd6 exd6 28. f4 Bh6 29. g3 g5 30. fxg5 Bxg5 31. Kf2 b5 32. Kf3 d5 33. cxd5 c4 34. bxc4 bxc4 35. Ke4 Kc7 36. Kd4 Kd6 37. Kxc4 Bh6 38. Kxd3 Kxd5 39. Nc3+ Kd6 40. Ne4+ Ke5 41. Nc5 a5 42. a4 Bf8 1-0

[Event "2.Open B Città di Padova Elo <1900"]
[Site "Padova Caffè Pedrocchi"]
[Date "1999.12.19"]
[Round "5.11"]
[White "Zotti, Enrico"]
[Black "De Napoli, Giuseppe"]
[Result "1/2-1/2"]
[WhiteElo "1839"]
[BlackElo "1678"]
[Annotator "Gabriele Ballarin"]
[PlyCount "55"]
[EventDate "1999.12.11"]
[EventType "swiss"]
[EventRounds "6"]
[EventCountry "ITA"]
[SourceTitle "Ballarin Gabriele"]
[Source "Ballarin Gabrie"]
[SourceDate "2001.01.01"]
[SourceVersion "1"]
[SourceVersionDate "2001.01.01"]
[SourceQuality "1"]

1. e4 d6 2. d4 g6 3. Nc3 Bg7 4. h3 Nf6 5. Nf3 O-O 6. Be3 e5 7. Qd2 Nc6 8. d5 Ne7 9. g3 a6 10. a4 Nd7 11. Bh6 f5 12. Bxg7 Kxg7 13. Be2 Nf6 14. exf5 Bxf5 15. Nh4 Qd7 16. Nxf5+ Qxf5 17. g4 Qf4 18. Qxf4 exf4 19. Rd1 g5 20. f3 Ng6 21. Kf2 Rfe8 22. Bd3 Ne5 23. Rhe1 Nxd3+ 24. Rxd3 Rxe1 25. Kxe1 Re8+ 26. Kf2 Re5 27. Rd4 h6 28. a5 1/2-1/2

[Event "2.Open B Città di Padova Elo <1900"]
[Site "Padova Caffè Pedrocchi"]
[Date "1999.12.19"]
[Round "5.12"]
[White "Di Cataldo, Cesare"]
[Black "Pomaro, Stefano"]
[Result "1-0"]
[WhiteElo "1803"]
[BlackElo "1611"]
[Annotator "Gabriele Ballarin"]
[PlyCount "62"]
[EventDate "1999.12.11"]
[EventType "swiss"]
[EventRounds "6"]
[EventCountry "ITA"]
[SourceTitle "Ballarin Gabriele"]
[Source "Ballarin Gabrie"]
[SourceDate "2001.01.01"]
[SourceVersion "1"]
[SourceVersionDate "2001.01.01"]
[SourceQuality "1"]

1. d4 c6 2. c4 d5 3. Nc3 Nf6 4. Nf3 dxc4 5. a4 Bf5 6. Ne5 e6 7. g3 Bb4 8. Bg2 Ne4 9. O-O Bxc3 10. bxc3 Nxc3 11. Qe1 Ne4 12. Bxe4 Bxe4 13. Ba3 b5 14. axb5 cxb5 15. Qb4 a6 16. f3 Nc6 17. Qc5 Qxd4+ 18. Qxd4 Nxd4 19. fxe4 f6 20. Nf3 Nc2 21. Ra2 Nxa3 22. Rxa3 Ke7 23. Rfa1 Rhc8 24. Nd4 b4 25. Rxa6 Rxa6 26. Rxa6 e5 27. Nc6+ Kd6 28. Nxb4+ Kc5 29. Nc2 c3 30. Kf2 Kc4 31. Rb6 Rd8 1-0

[Event "2.Open B Città di Padova Elo <1900"]
[Site "Padova Caffè Pedrocchi"]
[Date "1999.12.19"]
[Round "5.13"]
[White "Bartolozzi, Danilo"]
[Black "Opacic, Alexandar"]
[Result "0-1"]
[WhiteElo "1672"]
[BlackElo "1759"]
[Annotator "Gabriele Ballarin"]
[PlyCount "92"]
[EventDate "1999.12.11"]
[EventType "swiss"]
[EventRounds "6"]
[EventCountry "ITA"]
[SourceTitle "Ballarin Gabriele"]
[Source "Ballarin Gabrie"]
[SourceDate "2001.01.01"]
[SourceVersion "1"]
[SourceVersionDate "2001.01.01"]
[SourceQuality "1"]

{[%evp 0,92,18,27,43,46,80,57,73,30,38,32,54,49,40,27,42,28,39,32,36,-1,57,4,0,10,2,0,10,-4,-3,-12,-15,-19,-19,-60,-45,-85,41,35,48,41,27,44,53,53,68,34,36,37,45,27,41,23,41,42,44,42,34,17,25,41,48,36,31,37,42,8,32,32,43,53,69,53,59,59,59,59,86,95,146,30,148,0,0,0,0,0,64,22,27,0,0,0,63]} 1. e4 c5 2. Nf3 d6 3. d4 cxd4 4. Nxd4 Nf6 5. Nc3 g6 6. Be3 Bg7 7. f3 Nc6 8. Qd2 Bd7 9. h4 h5 10. Be2 Rc8 11. O-O-O Ne5 12. Kb1 a6 13. Nb3 Be6 14. Nd5 Nxd5 15. exd5 Bd7 16. Qb4 b5 17. Na5 Qc7 18. Rd2 Nc4 19. Nxc4 bxc4 20. Bd4 c3 21. Qxc3 Qxc3 22. bxc3 Bxd4 23. Rxd4 a5 24. c4 O-O 25. Ka1 Rb8 26. Rb1 Rxb1+ 27. Kxb1 Rb8+ 28. Kc1 Kg7 29. Rd3 a4 30. a3 Rb7 31. Rc3 Rc7 32. Kd2 Rc5 33. Ke3 Kf6 34. f4 e6 35. Kd4 Kf5 36. g3 Kf6 37. Bd3 Bc8 38. Be4 Kg7 39. Re3 Ba6 40. Bd3 Kf6 41. Re1 exd5 42. cxd5 Bxd3 43. cxd3 Rb5 44. Ke4 Rb3 45. Ra1 Kg7 46. Rc1 Kf6 {Nur} 0-1

[Event "2.Open B Città di Padova Elo <1900"]
[Site "Padova Caffè Pedrocchi"]
[Date "1999.12.19"]
[Round "5.14"]
[White "Perryman, Marcus"]
[Black "Favero, Graziano"]
[Result "1/2-1/2"]
[WhiteElo "1648"]
[BlackElo "1696"]
[Annotator "Gabriele Ballarin"]
[PlyCount "89"]
[EventDate "1999.12.11"]
[EventType "swiss"]
[EventRounds "6"]
[EventCountry "ITA"]
[SourceTitle "Ballarin Gabriele"]
[Source "Ballarin Gabrie"]
[SourceDate "2001.01.01"]
[SourceVersion "1"]
[SourceVersionDate "2001.01.01"]
[SourceQuality "1"]

1. e4 d6 2. Nf3 g6 3. d4 Bg7 4. Nc3 Nf6 5. h3 O-O 6. Be2 c6 7. O-O Qc7 8. Bf4 Nbd7 9. Qd2 e5 10. dxe5 dxe5 11. Bg5 Nc5 12. Qe3 Ne6 13. Rad1 Nd4 14. Nxd4 exd4 15. Qxd4 Nd5 16. Nxd5 cxd5 17. Qxd5 Qxc2 18. Rd2 Qc7 19. b3 Be6 20. Qd6 Rac8 21. Qxc7 Rxc7 22. Rfd1 h6 23. Bf4 Rcc8 24. Bb5 g5 25. Bg3 Bf6 26. Bd7 Bxd7 27. Rxd7 Rcd8 28. Kf1 Rfe8 29. f3 Rxd7 30. Rxd7 Re7 31. Rxe7 Bxe7 32. Ke2 f6 33. Kd3 Kf7 34. Kc4 Ke6 35. a4 h5 36. Bb8 a6 37. Ba7 Bd6 38. Bd4 h4 39. b4 Bb8 40. b5 Bd6 41. bxa6 bxa6 42. Bg1 Ke5 43. Bh2+ Ke6 44. Bxd6 Kxd6 45. a5 1/2-1/2

[Event "2.Open B Città di Padova Elo <1900"]
[Site "Padova Caffè Pedrocchi"]
[Date "1999.12.19"]
[Round "5.15"]
[White "Litrico, Paolo"]
[Black "Consolo, Arturo"]
[Result "1-0"]
[WhiteElo "1684"]
[BlackElo "1588"]
[Annotator "Gabriele Ballarin"]
[PlyCount "83"]
[EventDate "1999.12.11"]
[EventType "swiss"]
[EventRounds "6"]
[EventCountry "ITA"]
[SourceTitle "Ballarin Gabriele"]
[Source "Ballarin Gabrie"]
[SourceDate "2001.01.01"]
[SourceVersion "1"]
[SourceVersionDate "2001.01.01"]
[SourceQuality "1"]

1. d4 c5 2. c3 cxd4 3. cxd4 d5 4. Bf4 Nf6 5. e3 Nc6 6. a3 Bf5 7. Nc3 a6 8. Nf3 h6 9. Ne5 Rc8 10. Bd3 Bxd3 11. Qxd3 e6 12. O-O Nh5 13. Nxc6 Rxc6 14. Be5 Bd6 15. Bxd6 Qxd6 16. Na4 O-O 17. Rfc1 Rfc8 18. Rxc6 Rxc6 19. Nc5 Qc7 20. g3 Nf6 21. b4 Ne8 22. b5 axb5 23. Qxb5 Nd6 24. Qa4 b6 25. Nd3 Nc4 26. Nb4 Rd6 27. Rc1 Qd7 28. Qa8+ Kh7 29. a4 Na5 30. Rc8 Qxa4 31. Rh8+ Kg6 32. Qg8 Qd7 33. Qh7+ Kf6 34. Nd3 Rc6 35. Rg8 Ke7 36. Rxg7 Kd6 37. Rxf7 Qc8 38. Qg7 Rc1+ 39. Nxc1 Qxc1+ 40. Kg2 Nc4 41. Qf8+ Kc6 42. Qe8+ 1-0

[Event "2.Open B Città di Padova Elo <1900"]
[Site "Padova Caffè Pedrocchi"]
[Date "1999.12.19"]
[Round "5.16"]
[White "Tinnirello, Mario"]
[Black "Rigo, Gianfrancesco"]
[Result "0-1"]
[WhiteElo "1552"]
[BlackElo "1873"]
[Annotator "Gabriele Ballarin"]
[PlyCount "69"]
[EventDate "1999.12.11"]
[EventType "swiss"]
[EventRounds "6"]
[EventCountry "ITA"]
[SourceTitle "Ballarin Gabriele"]
[Source "Ballarin Gabrie"]
[SourceDate "2001.01.01"]
[SourceVersion "1"]
[SourceVersionDate "2001.01.01"]
[SourceQuality "1"]

{[%evp 0,69,18,27,45,31,38,43,42,50,43,32,23,55,40,51,51,9,11,-82,-109,-122,-69,-176,-97,-107,-77,-73,-67,-92,-89,-276,-82,-91,-69,-86,-43,-45,-3,-158,-68,-93,-93,-93,-99,-105,-147,-161,-169,-164,-145,-222,-82,-125,-107,-125,-104,-117,-116,-117,-105,-111,-101,-141,-151,-253,-161,-170,-125,-198,-139,-150]} 1. e4 e6 2. d4 d5 3. Nc3 dxe4 4. Nxe4 Bd7 5. Bd3 Bc6 6. Nf3 Nd7 7. O-O Ngf6 8. Neg5 Bd6 9. Nxf7 Kxf7 10. Ng5+ Ke7 11. c4 Nf8 12. c5 Bxh2+ 13. Kxh2 Qxd4 14. Qe2 Rd8 15. Bf5 Qd5 16. Bh3 h6 17. Nf3 Qh5 18. Bf4 g5 19. Be5 Rd5 20. Bxf6+ Kxf6 21. g4 Qe8 22. Rfe1 Ng6 23. Qc4 e5 24. Re3 Qe7 25. Rae1 Re8 26. b4 Qd7 27. Qc3 Bb5 28. Kg3 Rd3 29. Rxd3 Qxd3 30. Qxd3 Bxd3 31. Nd4 Rd8 32. Nf5 Nf4 33. Ne3 Bb5 34. Rd1 Rxd1 35. Nxd1 {Nur} 0-1

[Event "2.Open B Città di Padova Elo <1900"]
[Site "Padova Caffè Pedrocchi"]
[Date "1999.12.19"]
[Round "5.17"]
[White "Negra, Massimiliano"]
[Black "Stiz, Massimiliano"]
[Result "1/2-1/2"]
[WhiteElo "1857"]
[BlackElo "1567"]
[Annotator "Gabriele Ballarin"]
[PlyCount "86"]
[EventDate "1999.12.11"]
[EventType "swiss"]
[EventRounds "6"]
[EventCountry "ITA"]
[SourceTitle "Ballarin Gabriele"]
[Source "Ballarin Gabrie"]
[SourceDate "2001.01.01"]
[SourceVersion "1"]
[SourceVersionDate "2001.01.01"]
[SourceQuality "1"]

1. d4 d5 2. c4 c6 3. Nc3 Nf6 4. Bg5 Nbd7 5. e3 e6 6. a3 Be7 7. Nf3 Nh5 8. Bxe7 Qxe7 9. Be2 O-O 10. O-O f5 11. c5 Nhf6 12. b4 Ne4 13. Qc2 a6 14. a4 Ndf6 15. b5 axb5 16. axb5 Bd7 17. Ne5 Nxc3 18. Qxc3 cxb5 19. Qb2 Ne4 20. f3 Nf6 21. Bxb5 Bxb5 22. Qxb5 Nh5 23. Qb6 f4 24. e4 dxe4 25. fxe4 Rfd8 26. Rxa8 Rxa8 27. Rb1 Nf6 28. Qxb7 Qxb7 29. Rxb7 Nxe4 30. Rb1 Nc3 31. Re1 Nb5 32. Nf3 Rd8 33. Rxe6 Nxd4 34. Nxd4 Rxd4 35. Re7 Rc4 36. Rc7 Rc2 37. c6 g5 38. h3 h5 39. Kf1 Kf8 40. Kg1 g4 41. Rh7 Rxc6 42. Rxh5 Rc1+ 43. Kf2 Rc2+ 1/2-1/2

[Event "2.Open B Città di Padova Elo <1900"]
[Site "Padova Caffè Pedrocchi"]
[Date "1999.12.19"]
[Round "5.18"]
[White "Giancotti, Eraldo"]
[Black "Salata, Alessio"]
[Result "1-0"]
[WhiteElo "1760"]
[BlackElo "1558"]
[Annotator "Gabriele Ballarin"]
[PlyCount "83"]
[EventDate "1999.12.11"]
[EventType "swiss"]
[EventRounds "6"]
[EventCountry "ITA"]
[SourceTitle "Ballarin Gabriele"]
[Source "Ballarin Gabrie"]
[SourceDate "2001.01.01"]
[SourceVersion "1"]
[SourceVersionDate "2001.01.01"]
[SourceQuality "1"]

1. d4 d5 2. e3 Nf6 3. Bd3 Nc6 4. f4 Bg4 5. Nf3 h6 6. c3 Ne4 7. h3 Ng3 8. Rg1 Bh5 9. Kf2 Ne4+ 10. Bxe4 dxe4 11. g4 Bxg4 12. hxg4 exf3 13. Nd2 e6 14. Nxf3 Be7 15. Qb3 Rb8 16. Bd2 g5 17. e4 Qd7 18. Rh1 Na5 19. Qc2 Nc4 20. fxg5 e5 21. Rag1 Rd8 22. Rxh6 Rxh6 23. gxh6 exd4 24. h7 Bf6 25. Bg5 Bh8 26. Qd3 Nxb2 27. Qxd4 Qxd4+ 28. cxd4 f6 29. Be3 Nc4 30. Bf4 Rd7 31. Rh1 Nd6 32. e5 fxe5 33. Nxe5 Rg7 34. Kf3 Ke7 35. g5 Ke6 36. Rh6+ Kd5 37. Ng6 Nf5 38. Nxh8 Nxh6 39. g6 Nf5 40. Bg5 Nxd4+ 41. Kg4 Ne6 42. Nf7 1-0

[Event "2.Open B Città di Padova Elo <1900"]
[Site "Padova Caffè Pedrocchi"]
[Date "1999.12.19"]
[Round "5.19"]
[White "Musiani, Carlo"]
[Black "Pietrobon, Fabio"]
[Result "0-1"]
[WhiteElo "1500"]
[BlackElo "1732"]
[Annotator "Gabriele Ballarin"]
[PlyCount "90"]
[EventDate "1999.12.11"]
[EventType "swiss"]
[EventRounds "6"]
[EventCountry "ITA"]
[SourceTitle "Ballarin Gabriele"]
[Source "Ballarin Gabrie"]
[SourceDate "2001.01.01"]
[SourceVersion "1"]
[SourceVersionDate "2001.01.01"]
[SourceQuality "1"]

1. e4 c5 2. Nf3 d6 3. d4 cxd4 4. Nxd4 Nf6 5. Nc3 e6 6. Bg5 Be7 7. Bc4 O-O 8. O-O Nc6 9. Kh1 Nxe4 10. Nxe4 d5 11. Bxe7 Nxe7 12. Bd3 dxe4 13. Bxe4 Qb6 14. Nb3 Rd8 15. Qh5 Ng6 16. Bxg6 hxg6 17. Qh4 Bd7 18. f4 Bc6 19. Rad1 Rac8 20. c3 Bd5 21. Qg3 Bxb3 22. axb3 Qxb3 23. Rxd8+ Rxd8 24. Qf2 Rd1 25. Rxd1 Qxd1+ 26. Qg1 Qxg1+ 27. Kxg1 Kf8 28. Kf2 Ke7 29. Ke3 Kd6 30. Kd4 b5 31. b4 f6 32. g3 g5 33. fxg5 f5 34. h4 e5+ 35. Ke3 g6 36. Kd3 Kd5 37. Kd2 e4 38. Ke3 Ke5 39. Ke2 f4 40. gxf4+ Kxf4 41. Kd2 Kg4 42. Ke3 Kxh4 43. Kxe4 Kxg5 44. Kf3 Kf5 45. Kg3 Ke5 0-1

[Event "2.Open B Città di Padova Elo <1900"]
[Site "Padova Caffè Pedrocchi"]
[Date "1999.12.19"]
[Round "5.20"]
[White "Crestani, Federico"]
[Black "Todic, Simo"]
[Result "0-1"]
[WhiteElo "1522"]
[BlackElo "1699"]
[Annotator "Gabriele Ballarin"]
[PlyCount "62"]
[EventDate "1999.12.11"]
[EventType "swiss"]
[EventRounds "6"]
[EventCountry "ITA"]
[SourceTitle "Ballarin Gabriele"]
[Source "Ballarin Gabrie"]
[SourceDate "2001.01.01"]
[SourceVersion "1"]
[SourceVersionDate "2001.01.01"]
[SourceQuality "1"]

1. d4 Nf6 2. c4 g6 3. Nc3 d5 4. Bg5 Bg7 5. h3 O-O 6. Bxf6 Bxf6 7. Nxd5 Nc6 8. Nxf6+ exf6 9. e3 Re8 10. Nf3 f5 11. g3 Qf6 12. Bg2 f4 13. gxf4 Qxf4 14. Ne5 Qg5 15. Bxc6 bxc6 16. Qf3 Be6 17. Qxc6 f6 18. Nd3 Qa5+ 19. Ke2 Rab8 20. Qf3 Bxc4 21. b3 Bd5 22. Qxf6 Bxh1 23. Rxh1 Qxa2+ 24. Kf1 Qb1+ 25. Ne1 Qxb3 26. h4 Rf8 27. Qg5 Rb5 28. Qg3 Qc4+ 29. Kg1 Qe2 30. Kg2 Rbf5 31. Rf1 a5 0-1